Sports Quiz

Random Sports or College Quiz

Head-To-Head: March Madness Quiz Stats

 Plays Quiz Updated Mar 28, 2019

Score 0/34 Timer 08:00
12 Plays Today
Question Answer Wrong Answers
6 games played
6-0 record
Kentucky
80.6%
Utah
6.2%
4 games played
4-0 record
UCLA
80.4%
New Mexico State
6.1%
4 games played
4-0 record
Kentucky
78.8%
Illinois
7.7%
4 games played
4-0 record
North Carolina
78.8%
Notre Dame
8%
6 games played
4-2 record
North Carolina
78.2%
Arkansas
8.6%
4 games played
3-1 record
UCLA
77.5%
Iowa State
9.2%
6 games played
5-1 record
UCLA
77%
San Francisco
9.4%
4 games played
3-1 record
Kentucky
76.2%
Florida State
10.5%
4 games played
3-1 record
Marquette
75.9%
Miami (Ohio)
10.9%
4 games played
3-1 record
North Carolina
75%
Ohio State
11.7%
4 games played
3-1 record
Kansas
74.6%
Purdue
12.1%
4 games played
3-1 record
North Carolina
71.9%
Michigan
15%
6 games played
4-2 record
Duke
71.9%
Michigan State
14.9%
7 games played
5-2 record
Kentucky
71.6%
Louisville
14.8%
5 games played
5-0 record
North Carolina
70%
Michigan State
16.5%
4 games played
3-1 record
UCLA
66.3%
Louisville
20.4%
4 games played
4-0 record
Indiana
65.5%
LSU
21.1%
7 games played
5-2 record
North Carolina
65.1%
Villanova
21.6%
4 games played
3-1 record
Oregon State
62.9%
Seattle
23.8%
5 games played
3-2 record
Duke
62.1%
Connecticut
24.4%
4 games played
3-1 record
UCLA
61.1%
Michigan
25.7%
5 games played
3-2 record
Kentucky
57.3%
Indiana
29.6%
4 games played
3-1 record
St. John's
56.1%
Temple
30.4%
4 games played
3-1 record
North Carolina
55.6%
Kentucky
31.3%
4 games played
4-0 record
UCLA
55%
Kansas
31.7%
4 games played
3-1 record
Cincinnati
53.3%
Kansas State
33.7%
4 games played
3-1 record
Seattle
50.4%
Idaho State
36.2%
4 games played
3-1 record
Wisconsin
38.3%
Arizona
48.5%
4 games played
3-1 record
Michigan State
30.3%
Kentucky
56.3%
6 games played
4-2 record
Kansas
27.5%
North Carolina
59.5%
4 games played
4-0 record
Florida
27.2%
UCLA
59.8%
5 games played
3-2 record
Kentucky
21%
Duke
66%
6 games played
5-1 record
Ohio State
11.9%
Kentucky
74.8%
8 games played
5-3 record
Marquette
11.6%
Kentucky
75.4%

You're not logged in!

Compare scores with friends on all Sporcle quizzes.
OR
Log In

Sporcle TV

Today on Sporcle TV


Watch our educational content, quiz creation guides, and fun videos on Sporcle TV.

Show Comments

Extras

Top Quizzes Today


Score Distribution

Your Account Isn't Verified!

In order to create a playlist on Sporcle, you need to verify the email address you used during registration. Go to your Sporcle Settings to finish the process.

Report this User

Report this user for behavior that violates our Community Guidelines.

Details: